000
00283nam a2200109Ia 4500
008
220204s9999 xx 000 0 und d
082
_a
65:061.62
_b
BAT
100
_a
Batty, J
245
0
_a
Accounting for research and development
260
_a
London
_b
Business Book
_c
1976
942
_c
BK
999
_c
25599
_d
25599